[Event "Landesliga U20 Sued 1112"]
[Site "Bayern"]
[Date "2011.12.03"]
[Round "3.4"]
[White "Heinrich, Christian"]
[Black "Schury, David"]
[Result "0-1"]
[WhiteElo "1033"]
[BlackElo "1461"]
[PlyCount "52"]
[EventDate "2011.11.12"]
[EventType "team-tourn"]
[EventRounds "7"]
[EventCountry "GER"]
[SourceTitle "EXT 2022"]
[Source "ChessBase"]
[SourceDate "2021.10.06"]
[SourceVersion "1"]
[SourceVersionDate "2021.10.06"]
[SourceQuality "1"]
[WhiteTeam "Vaterstetten SC U20 II"]
[BlackTeam "Kriegshaber SK U20"]
[WhiteTeamCountry "GER"]
[BlackTeamCountry "GER"]

1. e4 d5 2. exd5 Qxd5 3. Nc3 Qa5 4. d4 c6 5. Bc4 Nf6 6. Bd2 Bf5 7. Qf3 e6 8. Qf4 Qd8 9. 0-0-0 Bd6 10. Qg5 0-0 11. Bf4 Ng4 12. Qxd8 Bxf4+ 13. Kb1 Rxd8 14. Nh3 Bd6 15. f3 Ne3 16. Bd3 Nxd1 17. Rxd1 Bxd3 18. Rxd3 Bb4 19. Ne4 Nd7 20. Rb3 Ba5 21. Rxb7 Bb6 22. c3 Rab8 23. Rxb8 Rxb8 24. b4 a5 25. a4 axb4 26. cxb4 Bxd4 0-1